000 00284nam a22001337a 4500
008 170401b xxu||||| |||| 00| 0 eng d
020 _ax000mimg85
041 _aeng
080 _a617
100 _a8
101 _aSHM
245 _aCONTACT LENSES
_cHALES, R.H
942 _2udc
_cBK
999 _c9358
_d9358